00410nam a2200133Ia 4500008004100000082001500041100002700056245004300083260000900126300001000135942001200145999001900157952010000176210430s9999 xx 000 0 und d a620.3 I57E aInman Daniel J.954962 aEngineering VibrationcInman Daniel J. c1996 a555p. cBK2ddc c565889d565889 00104070aSCMEbSCMEcCARTd0000-00-00l0o620.3 I57EpSCME- D130r2021-04-30w2021-04-30yBK